Discrete algorithmic mathematics (Record no. 7394)
[ view plain ]
| 000 -LEADER | |
|---|---|
| fixed length control field | 00549 a2200193 4500 |
| 020 ## - INTERNATIONAL STANDARD BOOK NUMBER | |
| International Standard Book Number | 1568811667 |
| 040 ## - CATALOGING SOURCE | |
| Original cataloging agency | DLC |
| Language of cataloging | DLC |
| 082 00 - DEWEY DECIMAL CLASSIFICATION NUMBER | |
| Classification number | 510 |
| 100 1# - MAIN ENTRY--PERSONAL NAME | |
| Personal name | Maurer, Stephen B. |
| 245 10 - TITLE STATEMENT | |
| Title | Discrete algorithmic mathematics |
| Statement of responsibility, etc. | Stephen B. Maurer, Anthony Ralston. |
| 250 ## - EDITION STATEMENT | |
| Edition statement | 3rd ed. |
| 260 ## - PUBLICATION, DISTRIBUTION, ETC. | |
| Place of publication, distribution, etc. | Wellesley, Mass. : |
| Name of publisher, distributor, etc. | A.K. Peters, |
| Date of publication, distribution, etc. | c2004. |
| 300 ## - PHYSICAL DESCRIPTION | |
| Extent | xxviii, 772 p. : |
| Other physical details | ill. (some col.) ; |
| Dimensions | 25 cm. |
| 500 ## - GENERAL NOTE | |
| General note | Includes index. |
| 650 #0 - SUBJECT ADDED ENTRY--TOPICAL TERM | |
| Topical term or geographic name entry element | Mathematics. |
| 650 #0 - SUBJECT ADDED ENTRY--TOPICAL TERM | |
| Topical term or geographic name entry element | Computer science |
| 700 1# - ADDED ENTRY--PERSONAL NAME | |
| Personal name | Ralston, Anthony. |
| 942 ## - ADDED ENTRY ELEMENTS (KOHA) | |
| Koha item type | Book |
| Call number prefix | 510 MAU |
| Source of classification or shelving scheme | |
| Withdrawn status | Lost status | Damaged status | Not for loan | Collection code | Permanent Location | Current Location | Shelving location | Date acquired | Source of acquisition | Cost, normal purchase price | Total Checkouts | Full call number | Barcode | Date last seen | Price effective from | Koha item type |
|---|---|---|---|---|---|---|---|---|---|---|---|---|---|---|---|---|
| Central Library (CL) | Central Library (CL) | General Stacks | 03/08/2005 | Allied Book Company | 3199.44 | 510 MAU | SEECS005383 | 10/30/2023 | 01/05/2017 | Book |
